• 首页
  • 本馆介绍
  • 公告通知
  • 最新文献
  • 馆藏检索
  • 电子资源
  • 读者导购
  • 参考咨询
  • 我的图书馆
  • 登录
  • 详细信息显示
  • 放入我的书架
  • 预约/预借图书
  • 作者相关作品
  • 分类相关作品
  • 丛书相关作品
  • 出版社相关作品

书目信息

  • 表格格式
  • 工作单格式
  • 卡片格式
题名:
中外舞蹈思想概论
    
 
作者: 于平 著
分册:  
出版信息: 北京   人民音乐出版社  2002
页数: 14,669页
开本: 20cm
丛书名:
单 册:
中图分类: J70
科图分类:
主题词: 舞蹈艺术--概论 , CT--S079816--舞蹈艺术
电子资源:
ISBN: 7-103-02451-0
000 00757nam0 2200229 45
001 012002044754
005 20070805141353.15
010    @a7-103-02451-0@dCNY39.60
100    @a20020628d2002 em y0chiy0110 ea
101 0  @achi
102    @aCN@b110000
105    @ay z 000yy
200 1  @a中外舞蹈思想概论@9zhong wai wu dao si xiang gai lun@f于平著
210    @a北京@c人民音乐出版社@d2002
215    @a14,669页@d20cm
330    @a本书分为中国古代乐舞思想;中国当代舞蹈思想;外国舞蹈美学思想;外国舞蹈艺术思想四部分。其主要内容有:儒家礼乐思想及其流变;墨子非乐思想的逻辑构成等。
606 0  @a舞蹈艺术@x概论
606 0  @2CT@3S079816@a舞蹈艺术
690    @aJ70@v4
701  0 @a于平@9yu ping@4著
801  0 @aCN@bNLC@c20070805
905    @a10447@dJ70@e66
    
    中外舞蹈思想概论/于平著.-北京:人民音乐出版社,2002
    14,669页;20cm
    
    
    ISBN 7-103-02451-0:CNY39.60
    本书分为中国古代乐舞思想;中国当代舞蹈思想;外国舞蹈美学思想;外国舞蹈艺术思想四部分。其主要内容有:儒家礼乐思想及其流变;墨子非乐思想的逻辑构成等。
●
相关链接 在E读中查询图书 在五车中查询图书 在当当中查询图书 在豆瓣中查询图书


正题名:中外舞蹈思想概论     索取号:J70/66         预约/预借

序号 登录号 条形码 馆藏地/架位号 状态 备注
1 0384356   203843564   第一样本阅览室/ [索取号:J70/66] 在馆    
2 0384357   203843573   第一借阅区/ [索取号:J70/66] 在馆    
3 0384358   203843582   第一借阅区/ [索取号:J70/66] 在馆    
4 0804836   208048361   第一借阅区/ [索取号:J70/66] 在馆    
5 0804837   208048370   第一借阅区/ [索取号:J70/66] 在馆    
6 0804838   208048389   密集书库-音乐系/ [索取号:J70/66] 在馆    
7 0804839   208048398   音乐系资料室/ [索取号:J70/66] 在馆    
8 0804840   208048405   密集书库-音乐系/ [索取号:J70/66] 在馆    
唐山师范学院图书馆 欢迎您!
大连网信软件有限公司© 版权所有